Radiant glory. (Record no. 16606)

000 -LEADER
fixed length control field 00476nam a2200169 a 4500
001 - CONTROL NUMBER
control field :::00019777$&:&@@
003 - CONTROL NUMBER IDENTIFIER
control field OkBaRHE
005 - DATE AND TIME OF LATEST TRANSACTION
control field 20100331150118.0
008 - FIXED-LENGTH DATA ELEMENTS--GENERAL INFORMATION
fixed length control field s1962 j 000 0 eng u
040 ## - CATALOGING SOURCE
Transcribing agency
100 1# - MAIN ENTRY--PERSONAL NAME
Personal name Gardiner, Gordon P.
245 10 - TITLE STATEMENT
Title Radiant glory.
260 ## - PUBLICATION, DISTRIBUTION, ETC. (IMPRINT)
Place of publication, distribution, etc Brooklyn NY
Name of publisher, distributor, etc Bread of Life
Date of publication, distribution, etc 1962
300 ## - PHYSICAL DESCRIPTION
Extent 347 p.
942 ## - ADDED ENTRY ELEMENTS (KOHA)
Source of classification or shelving scheme
Koha item type Books
Copies
Not for loan Date checked out Full call number Date acquired Copy number Current Location Withdrawn status Date last seen Price effective from Total Checkouts Lost status Damaged status Shelving location Source of classification or shelving scheme Barcode Koha item type Permanent Location
 2012-02-01BX 8762 .Z8 R62010-04-141RHEMA Bible Training College 2012-02-072010-04-141  General Stacks 19777BooksRHEMA Bible Training College